=LDR 00000nam 2200000 4500 =001 INLIS000000000031445 =005 20130612133522 =008 ***********************************Ind** =035 ##$$0010-061300000031445 =041 ##$$a Ind =082 ##$$a 633.492 =090 ##$$a 633.492, Sri, b =100 ##$$a Sri Nuryani =245 ##$$a Budidaya Ubi Kayu, Sri Nuryani,Soedjono =260 ##$$a 1994 $b Semarang =300 ##$$a 72 hlm., ilus., 20 cm =650 ##$$a Ubi Kayu-Budidaa =700 ##$$a Soedjono =850 ##$$a NBPNMAT